مكتبة جامعة عجلون الوطنية

فهرس بحث المكتبة

Normal view MARC view
  • English Language-English

Entry Topical Term

Number of records used in: 1

001 - CONTROL NUMBER

  • control field: 2191

003 - CONTROL NUMBER IDENTIFIER

  • control field: JO-AjAnu

005 - DATE AND TIME OF LATEST TRANSACTION

  • control field: 20230606070649.0

008 - FIXED-LENGTH DATA ELEMENTS

  • fixed length control field: 230606|| aca||aabn | a|a d

040 ## - CATALOGING SOURCE

  • Original cataloging agency: JO-AjAnu
  • Transcribing agency: JO-AjAnu

150 ## - HEADING--TOPICAL TERM

  • Topical term or geographic name entry element: English Language-English

670 ## - SOURCE DATA FOUND

  • Source citation: Work cat.: (JO-AjAnu)1148: تاليف Michael Mccarthy;م.مشارك O,dell,Felicity, author 2190, English Idioms in Use :60 units of vocabulary refernce and Pratice Self-study and classroom use